Hlavním posláním DeFi nejsou nové typy finančních služeb
Decentralizované financie (DeFi) a ich využitie. Typy kryptomenových peňaženiek - tzv. studené peňaženky (cold wallets) a horúce peňaženky (hot wallets). Kryptomenové peňaženky, tokeny, blockchain. Decentralizované burzy, decentralizované poisťovacie produkty a decentralizované trhovisko.
Salvato in:
| Autore principale: | |
|---|---|
| Natura: | Capitolo di libro |
| Lingua: | ceco |
| Soggetti: | |
| Tags: |
Nessun Tag, puoi essere il primo ad aggiungerne!!
|
MARC
| LEADER | 00000naa a2200000 4500 | ||
|---|---|---|---|
| 001 | 0287256 | ||
| 005 | 20240417075213.0 | ||
| 041 | 0 | |a cze | |
| 044 | |a CZ | ||
| 245 | 1 | 0 | |a Hlavním posláním DeFi nejsou nové typy finančních služeb |c Ondřej Mikulčík |
| 520 | |a Decentralizované financie (DeFi) a ich využitie. Typy kryptomenových peňaženiek - tzv. studené peňaženky (cold wallets) a horúce peňaženky (hot wallets). Kryptomenové peňaženky, tokeny, blockchain. Decentralizované burzy, decentralizované poisťovacie produkty a decentralizované trhovisko. | ||
| 610 | 2 | 0 | |a služby finančné |
| 610 | 2 | 0 | |a financie |
| 610 | 2 | 0 | |a inovácie technologické |
| 610 | 2 | 0 | |a mena virtuálna |
| 610 | 2 | 0 | |a aplikácie mobilné |
| 610 | 2 | 0 | |a poistenie |
| 100 | 1 | |a Mikulčík, Ondřej | |